Проблемы бурения. 7 (Запись № 13620621)

Подробности
000 -МАРКЕР
контрольное поле 01632nam2a2200301 4500
001 - ИДЕНТИФИКАТОР ЗАПИСИ
контрольное поле rc\3029161
005 - ИДЕНТИФИКАТОР ВЕРСИИ
контрольное поле 20260315065020.0
035 ## - ДРУГИЕ СИСТЕМНЫЕ НОМЕРА
Идентификатор записи (NLR Aleph) 007170191
100 ## - ДАННЫЕ ОБЩЕЙ ОБРАБОТКИ
Данные общей обработки 20110930d1936 u y0rusy50 ca
101 0# - ЯЗЫК РЕСУРСА
Язык текста, звукозаписи и т.д. русский
102 ## - СТРАНА ПУБЛИКАЦИИ ИЛИ ПРОИЗВОДСТВА
Страна публикации Российская Федерация
105 ## - ПОЛЕ КОДИРОВАННЫХ ДАННЫХ: ТЕКСТОВЫЕ МАТЕРИАЛЫ, МОНОГРАФИЧЕСКИЕ
Кодированные данные о монографическом текстовом документе a z |||||
200 0# - ЗАГЛАВИЕ И СВЕДЕНИЯ ОБ ОТВЕТСТВЕННОСТИ
Основное заглавие 7
Обозначение и номер части 1
Наименование части Снижение сопротивления движения бурильного раствора путем введения трубных замков полного внутреннего сечения
Первые сведения об ответственности Марч, Р. Жилберт, В.
Обозначение и номер части 2
Наименование части Удлинение срока службы и ремонт старых долотьев
Первые сведения об ответственности Бауи, С.
210 ## - ПУБЛИКАЦИЯ, РАСПРОСТРАНЕНИЕ И ДР.
Дата издания, распространения и т.д. 1936
215 ## - ФИЗИЧЕСКАЯ ХАРАКТЕРИСТИКА
Специфическое обозначение материала и объем 24 с.
Другие сведения о физической характеристике ил., табл., черт., граф.
225 1# - СЕРИЯ
Основное заглавие серии Иностранная нефтяная техника
Сведения об ответственности НКТП - СССР - Главнефть. Центр. ин-т социалист. обмена опытом нефтяной промышленности СССР
Обозначение тома Вып. 403
300 ## - ОБЩИЕ ПРИМЕЧАНИЯ
Текст примечания Настоящий выпуск входит в "Библиотечку технических переводов" по вопросам нефтяного бурения № 37
320 ## - ПРИМЕЧАНИЯ О НАЛИЧИИ В ДОКУМЕНТЕ БИБЛИОГРАФИИ / УКАЗАТЕЛЯ
Текст примечания Библиогр.: с. 23-24
461 #0 - УРОВЕНЬ НАБОРА
Встроенное поле 001rc\3029156
-- 2000#$aПроблемы бурения$eIV-$v7
Системный номер (АБИС) связанной записи 7338067
Место публикации Баку
Дата публикации 1935
Имя издателя, распространителя и т.д. ОНТИ Азнефтеиздат
Сведения, относящиеся к заглавию IV-
Заглавие Проблемы бурения
Номер тома 7
700 #1 - ИМЯ ЛИЦА - ПЕРВИЧНАЯ ОТВЕТСТВЕННОСТЬ
Начальный элемент ввода Марч
Часть имени, кроме начального элемента ввода Р.
701 #1 - ИМЯ ЛИЦА - АЛЬТЕРНАТИВНАЯ ОТВЕТСТВЕННОСТЬ
Начальный элемент ввода Жилберт
Часть имени, кроме начального элемента ввода В.
701 #1 - ИМЯ ЛИЦА - АЛЬТЕРНАТИВНАЯ ОТВЕТСТВЕННОСТЬ
Начальный элемент ввода Бауи
Часть имени, кроме начального элемента ввода С.
801 #0 - ИСТОЧНИК ЗАПИСИ
Страна Российская Федерация
Организация NLR
Правила каталогизации psbo
801 #1 - ИСТОЧНИК ЗАПИСИ
Страна Российская Федерация
Организация ELAR
Источник данных rusmarc
852 ## - МЕСТОНАХОЖДЕНИЕ И ШИФР ХРАНЕНИЯ
Идентификатор организации NLR
Шифр хранения (Call Number) 35-17/383
942 ## - ДОПОЛНИТЕЛЬНЫЕ ЭЛЕМЕНТЫ ЗАПИСИ (АБИС)
Тип экземпляра АБИС Неопределено
980 ## - КОЛЛЕКЦИЯ
Название коллекции Национальная библиография

Нет доступных экземпляров.